[Event "TUR Cup"]
[Site "Antalya"]
[Date "2020.01.28"]
[Round "4"]
[White "Yarar, Bora"]
[Black "Citil, Feyzullah"]
[Result "1-0"]
[WhiteElo "1871"]
[BlackElo "1636"]
[PlyCount "75"]
[EventDate "2020.01.26"]
[EventType "swiss"]
[EventRounds "11"]
[EventCountry "TUR"]
[SourceTitle "CBM 194 Extra"]
[Source "ChessBase"]
[SourceDate "2020.03.31"]
[SourceVersion "1"]
[SourceVersionDate "2020.03.31"]
[SourceQuality "1"]

1. c4 e5 2. Nc3 f5 3. g3 Nf6 4. Bg2 c6 5. d3 d5 6. cxd5 Nxd5 7. Nf3 Bb4 8. Qc2 0-0 9. 0-0 Nxc3 10. bxc3 Bd6 11. c4 c5 12. Bb2 Nc6 13. e3 Qe7 14. Bc3 Be6 15. Qb2 e4 16. dxe4 Bxc4 17. Rfd1 fxe4 18. Ng5 Bd3 19. Nxe4 Bxe4 20. Bxe4 Qxe4 21. Rxd6 Rf7 22. Rad1 Raf8 23. Rd7 Qg4 24. h3 Qf5 25. Rxf7 Rxf7 26. h4 Rd7 27. Qb3+ Kf8 28. Rxd7 Qxd7 29. Qc4 Qd6 30. Qe4 b5 31. Qxh7 Ne5 32. Qf5+ Nf7 33. Qc8+ Nd8 34. Ba5 Ke7 35. Bxd8+ Qxd8 36. Qxc5+ Ke6 37. Qxb5 Qd1+ 38. Kg2 1-0

[Event "Ankara Baskent Univ op 4th"]
[Site "Ankara"]
[Date "2019.06.18"]
[Round "3"]
[White "Mohannad, Farhan"]
[Black "Yarar, Bora"]
[Result "1/2-1/2"]
[WhiteElo "2193"]
[BlackElo "1732"]
[PlyCount "120"]
[EventDate "2019.06.17"]
[EventType "swiss"]
[EventRounds "9"]
[EventCountry "TUR"]
[SourceTitle "CBM 191 Extra"]
[Source "ChessBase"]
[SourceDate "2019.09.30"]
[SourceVersion "1"]
[SourceVersionDate "2019.09.30"]
[SourceQuality "1"]

1. d4 Nf6 2. Nf3 g6 3. c4 Bg7 4. Nc3 0-0 5. e4 d6 6. Be2 Nbd7 7. Bg5 h6 8. Bh4 e5 9. d5 g5 10. Bg3 Nc5 11. Nd2 a5 12. 0-0 Nh7 13. Bg4 Nd3 14. Bxc8 Qxc8 15. Qc2 Nf4 16. f3 Nf6 17. Rfe1 Kh8 18. Nd1 Rg8 19. Ne3 N6h5 20. Nf5 Qd7 21. Nf1 Nf6 22. N1e3 h5 23. h3 Bf8 24. b3 Rg6 25. Qd1 Be7 26. Kf2 Kh7 27. Rh1 Rh8 28. a3 Kg8 29. b4 Kf8 30. bxa5 Rhg8 31. Rb1 Qc8 32. Qb3 Qa8 33. Qc3 g4 34. hxg4 hxg4 35. Rh6 Rxh6 36. Nxh6 gxf3 37. Qc2 Rxg3 38. Kxg3 Ne2+ 39. Kh2 Nd4 40. Qd3 fxg2 41. Kxg2 Nh5 42. Rf1 Bg5 43. Rxf7+ Ke8 44. Qd1 Nf6 45. Rxf6 Bxf6 46. Qh5+ Kd7 47. Qf7+ Be7 48. Nef5 Qf8 49. Qh7 Qf6 50. Nxd4 Qg5+ 51. Kf2 Qh4+ 52. Ke2 Qh2+ 53. Kd3 Qg3+ 54. Kc2 Qf2+ 55. Kb3 Qe3+ 56. Kc2 Qf2+ 57. Kb3 Qe3+ 58. Ka4 Qxd4 59. Qf5+ Kd8 60. Kb3 Qd1+ 1/2-1/2

[Event "EU School-ch U09"]
[Site "Budva"]
[Date "2017.06.12"]
[Round "2.7"]
[White "Yarar, Bora"]
[Black "Birks, Joe H"]
[Result "0-1"]
[WhiteElo "1522"]
[BlackElo "1262"]
[PlyCount "46"]
[EventDate "2017.06.11"]
[EventType "swiss"]
[EventRounds "9"]
[EventCountry "MNE"]
[SourceTitle "EXT 2024"]
[Source "ChessBase"]
[SourceDate "2023.10.10"]
[SourceVersion "1"]
[SourceVersionDate "2023.10.10"]
[SourceQuality "1"]

1. e4 c5 2. Nf3 d6 3. c3 g6 4. Be2 Bg7 5. 0-0 Nc6 6. Re1 Nf6 7. Bf1 0-0 8. d3 Bg4 9. h3 Bxf3 10. Qxf3 Nh5 11. Qd1 Kh8 12. Be3 e6 13. Be2 Qh4 14. Qd2 Bf6 15. Bh6 Rg8 16. Bxh5 gxh5 17. Kh1 Ne5 18. Qe2 Rxg2 19. Kxg2 Rg8+ 20. Kh2 Ng4+ 21. Qxg4 Rxg4 22. Rf1 Be5+ 23. f4 Qg3+ 0-1